每个省级行政区人口最多的县级行政区(城市点位地图版) - Statistics

General Stats
  • This quiz has been taken 17 times
  • The average score is 28 of 31
Answers on the Map
Answers color-coded by a green-red scale on the quiz's map according to % correct below.
 
Answer Stats
省级行政区 县级行政区 % Correct
天津市 滨海新区 | 西青区 | 武清区 | 东丽区 | 津南区
100%
黑龙江省 南岗区 | 香坊区 | 道里区 | 道外区 | 呼兰区
100%
上海市 浦东新区 | 闵行区 | 宝山区 | 松江区 | 嘉定区
100%
重庆市 渝北区 | 万州区 | 九龙坡区 | 沙坪坝区 | 江津区
100%
四川省 双流区 | 武侯区 | 郫都区 | 新都区 | 成华区
100%
陕西省 雁塔区 | 未央区 | 长安区 | 灞桥区 | 莲湖区
100%
北京市 朝阳区 | 海淀区 | 昌平区 | 丰台区 | 大兴区
92%
河北省 海港区 | 定州市 | 长安区 | 裕华区 | 桥西区
92%
辽宁省 甘井子区 | 金州区 | 铁西区 | 海城市 | 于洪区
92%
吉林省 朝阳区 | 南关区 | 绿园区 | 公主岭市 | 宽城区
92%
江苏省 昆山市 | 姑苏区 | 江宁区 | 江阴市 | 武进区
92%
浙江省 萧山区 | 义乌市 | 慈溪市 | 鄞州区 | 瑞安市
92%
安徽省 蜀山区 | 埇桥区 | 临泉县 | 谯城区 | 太和县
92%
福建省 晋江市 | 南安市 | 福清市 | 仓山区 | 思明区
92%
山东省 兰山区 | 黄岛区 | 历城区 | 牡丹区 | 滕州市
92%
河南省 金水区 | 中原区 | 新郑市 | 中牟县 | 永城市
92%
湖南省 岳麓区 | 浏阳市 | 长沙县 | 雨花区 | 宁乡市
92%
广东省 宝安区 | 龙岗区 | 白云区 | 南海区 | 顺德区
92%
云南省 官渡区 | 镇雄县 | 宣威市 | 五华区 | 麒麟区
92%
山西省 小店区 | 平城区 | 尧都区 | 万柏林区 | 盐湖区
85%
湖北省 洪山区 | 江夏区 | 仙桃市 | 天门市 | 黄陂区
85%
海南省 美兰区 | 龙华区 | 琼山区 | 秀英区 | 文昌市
85%
西藏自治区 城关区 | 桑珠孜区 | 卡若区 | 堆龙德庆区 | 色尼区
85%
甘肃省 城关区 | 凉州区 | 七里河区 | 秦州区 | 麦积区
85%
青海省 城东区 | 城北区 | 大通回族土族自治县 | 湟中区 | 互助土族自治县
85%
新疆维吾尔自治区 新市区 | 莎车县 | 沙依巴克区 | 喀什市 | 库尔勒市
85%
内蒙古自治区 科尔沁区 | 赛罕区 | 昆都仑区 | 青山区 | 松山区
77%
江西省 南昌县 | 青山湖区 | 鄱阳县 | 章贡区 | 袁州区
77%
广西壮族自治区 西乡塘区 | 桂平市 | 博白县 | 灵山县 | 北流市
77%
贵州省 七星关区 | 威宁彝族回族苗族自治县 | 盘州市 | 云岩区 | 南明区
77%
宁夏回族自治区 兴庆区 | 金凤区 | 原州区 | 利通区 | 西夏区
77%
No matching quizzes found
Score Distribution
Percent of People with Each Score
Percentile by Number Answered
Your Score History
You have not taken this quiz